00542nam a22001577a 450000500170000001000130001702000250003003700170005508200060007210000260007824500880010426000350019227001090022730000270033670000210036320191105094903.0 aB-730822 a9789353093990c40.00 adplbPratham aS aSwaminathan, Pratibha aWhen will amma be back? /c by Pratibha Swaminathan; illustrated by Alankrita Amaya aBangalurubPratham Booksc2018 a633-634,4th "C" Main,6th 'B' Cross, OMBR Layout Banaswadi, bBangaloree560043k911141042483 (New Delhi) a16p.bill.c18cm.(pbk) aAmaya, Alankrita